Państwa graniczące z Chinami - Statystyki

Ogólne statystyki
  • Ten quiz został rozwiązany 12 razy
    6 od ostatniego zresetowania
  • Średni wynik to 12 z 14
Statystyki odpowiedzi
Odpowiedź % Poprawnych
Indie
100%
Kazachstan
100%
Mjanma
100%
Mongolia
100%
Rosja
100%
Wietnam
100%
Afganistan
75%
Kirgistan
75%
Korea Północna
75%
Laos
75%
Nepal
75%
Pakistan
75%
Tadżykistan
75%
Bhutan
50%
Nie znaleziono quizów pasujących do podanych kryteriów
Rozkład punktacji
Procent ludzi z każdym wynikiem
Percentyl według liczby udzielonych odpowiedzi
Twoja historia wyników
Nie rozwiązałeś tego quizu od ostatniego zresetowania